<?xml version="1.0" encoding="utf-8"?>
<?xml-stylesheet type='text/xsl' href='./oai2.xsl'?>
<OAI-PMH xmlns="http://www.openarchives.org/OAI/2.0/" xmlns:xsi="http://www.w3.org/2001/XMLSchema-instance" xsi:schemaLocation="http://www.openarchives.org/OAI/2.0/ http://www.openarchives.org/OAI/2.0/OAI-PMH.xsd">
  <responseDate>2026-05-15T17:36:29Z</responseDate>
  <request verb="GetRecord" metadataPrefix="marcxml" identifier="record_kuniweb_161411">https://kulturerbe.niedersachsen.de/oai</request>
  <GetRecord>
    <record>
      <header>
        <identifier>record_kuniweb_161411</identifier>
        <datestamp>2025-08-28T09:38:22Z</datestamp>
        <setSpec>slg0137</setSpec>
      </header>
      <metadata>
        <marc:record xmlns:marc="http://www.loc.gov/MARC21/slim" xsi:schemaLocation="http://www.loc.gov/MARC21/slim http://www.loc.gov/standards/marcxml/schema/MARC21slim.xsd">
          <marc:leader>12345nkm  22     uu 4500</marc:leader>
          <marc:controlfield tag="001">161411</marc:controlfield>
          <marc:controlfield tag="003">http://kuniweb.gbv.de</marc:controlfield>
          <marc:controlfield tag="005">2021-12-02T16:02:18</marc:controlfield>
          <marc:controlfield tag="008">|           ||||||||||||||||||||||</marc:controlfield>
          <marc:datafield tag="245" ind1="1" ind2="0">
            <marc:subfield code="a">Turbinenkönig und Transmission für die Turbine Nr. 354 für Herrn Sander aus Oldendorf, 1895</marc:subfield>
          </marc:datafield>
          <marc:datafield tag="655" ind1=" " ind2="7">
            <marc:subfield code="a">Grafik</marc:subfield>
          </marc:datafield>
          <marc:datafield tag="046" ind1=" " ind2=" ">
            <marc:subfield code="k">1885-02-25</marc:subfield>
            <marc:subfield code="k">25.02.1885</marc:subfield>
          </marc:datafield>
          <marc:datafield tag="260" ind1=" " ind2=" ">
            <marc:subfield code="g">1885-02-25</marc:subfield>
            <marc:subfield code="g">25.02.1885</marc:subfield>
          </marc:datafield>
          <marc:datafield tag="520" ind1=" " ind2=" ">
            <marc:subfield code="a">Zeichnung - koloriert
Herstellungsort - Hildesheim, Mühlen- und Maschinenbau 
                           F. André

Auftraggeber und Standort: 
Herr Sander,  (Hessisch) Oldendorf

Anmerkung zum Ort:
1905 wurde dem Ortsnamen amtlich der Zusatz „Hessisch“ hinzugefügt, um ihn von anderen Orten des Namens „Oldendorf“ zu unterscheiden.
Mühlen in Hessisch Oldendorf
Die Stadtmühle am Westertor war die älteste Mühle der Stadt und bestand bereits seit der Stadtgründung im 13. Jahrhundert. Die Wassermühle Dömich an gleicher Stelle wurde 1863 – verstärkt mit einer Betriebsgrabenverbindung zum Rohdener Bach – errichtet und war bis ca. 1960 in Betrieb. Die Oldendorfer Windmühle wurde auf der Südostecke des Stadtwalles 1589 von der Stadt erbaut, brannte aber im Dreißigjährigen Krieg bereits wieder ab. Die Oldendorfer Schiffsmühle lag seit 1587 auf dem alten Weserarm vor der Südwestecke des Walles. Sie bestand aber nicht lange, denn wenige Jahrzehnte später war die alte Weser abgedämmt. 7 Schleifmühlen der Schmiede und Schlosser wurden 1655 gezählt. 1/2 Thaler Wasserzins verlangte die Stadt für jede Mühle. Die Münchhausen-Mühle an der Fuhler Weserbrücke gehörte bis zu Verkoppelung 1870 zum Münchhausen-Burghof. Vor 1600 wird sie bereits urkundlich erwähnt. Die Dampfmühle an der Segelhorster Straße wurde als Getreide- und Sägemühle 1868 bis ca. 1950 betrieben. Die Kokensmühle am Barksener Weg war ab 1571 Lohmühle des Oldendorfer Schusteramtes. Hier wurde Eichenrinde zu „Lohe“, die von den Gerbern zur Lederherstellung benötigt wurde, gemahlen. Bis 1668 war der Kokensmühle auch eine Walkmühle der Oldendorfer Tuchmacher, die ihre gewebten Leinenstoffe hier „walken“ ließen, angegliedert. Ab 1680 diente die Kokensmühle als Ölmühle.
aus:
Hessisch Oldendorf – Wikipedia
https://de.wikipedia.org/wiki/Hessisch_Oldendorf

 (Förderkreis Königshütte Bad Lauterberg e.V.)

Maßstab: 1 zu 5</marc:subfield>
          </marc:datafield>
          <marc:datafield tag="650" ind1="1" ind2=" ">
            <marc:subfield code="a">Turbine</marc:subfield>
          </marc:datafield>
          <marc:datafield tag="650" ind1="1" ind2=" ">
            <marc:subfield code="a">Grafik, Fotografie &gt; Zeichnung</marc:subfield>
          </marc:datafield>
          <marc:datafield tag="650" ind1="1" ind2=" ">
            <marc:subfield code="a">Handwerk</marc:subfield>
          </marc:datafield>
          <marc:datafield tag="650" ind1="1" ind2=" ">
            <marc:subfield code="a">Hessisch Oldendorf (Hameln-Pyrmont, Niedersachsen)</marc:subfield>
          </marc:datafield>
          <marc:datafield tag="773" ind1="0" ind2=" ">
            <marc:subfield code="t">Maschinen</marc:subfield>
          </marc:datafield>
          <marc:datafield tag="852" ind1=" " ind2=" ">
            <marc:subfield code="a">Industriedenkmal Königshütte Bad Lauterberg im Harz</marc:subfield>
          </marc:datafield>
          <marc:datafield tag="" ind1=" " ind2=" ">
            <marc:subfield code="a">Namensnennung - Nicht kommerziell - Keine Bearbeitungen 4.0 International (CC BY-NC-ND 4.0)</marc:subfield>
          </marc:datafield>
        </marc:record>
      </metadata>
    </record>
  </GetRecord>
</OAI-PMH>
